Memoria Liberia - La Cruz /
Bewaard in:
| Hoofdauteur: | |
|---|---|
| Coauteurs: | , |
| Andere auteurs: | |
| Formaat: | Texto |
| Gepubliceerd in: |
San José:
UCR.IIS
|
| Onderwerpen: | |
| Tags: |
Voeg label toe
Geen labels, Wees de eerste die dit record labelt!
|
MARC
| LEADER | 00000 a a2200000 04500 | ||
|---|---|---|---|
| 001 | 27497 | ||
| 003 | |||
| 040 | |||
| 090 | |a 185103 | ||
| 100 | |a Fernández Arias, Mario E. | ||
| 110 | |a Universidad de Costa Rica. Instituto de Investigaciones Sociales | ||
| 245 | |a Memoria Liberia - La Cruz / |c Universidad de Costa Rica. Instituto de Investigaciones Sociales | ||
| 260 | |a San José: |b UCR.IIS | ||
| 300 | |a p. irreg.; vol. 3 |b **no definido** | ||
| 650 | |a PEQUEÑOS AGRICULTORES | ||
| 650 | |a TLC | ||
| 650 | |a EDUCACION COMUNITARIA | ||
| 650 | |a SUBSIDIOS A LAS EXPORTACIONES | ||
| 650 | |a PLANIFICACION | ||
| 700 | |a Chaves Jiménez, Rocío | ||
| 710 | |a Universidad Nacional. Escuela de Economía | ||
| 999 | |c 14862 |d 14862 | ||
